El Estado y las políticas agrarias en América Latina

Bewaard in:
Bibliografische gegevens
Hoofdauteur: Chiriboga, Manuel
Coauteur: FLACSO
Formaat: Texto
Gepubliceerd in: Quito: FLACSO
Tags: Voeg label toe
Geen labels, Wees de eerste die dit record labelt!

MARC

LEADER 00000 a a2200000 04500
001 24419
003
040
090 |a 175200  
100 |a Chiriboga, Manuel  
110 |a FLACSO  
245 |a El Estado y las políticas agrarias en América Latina  
260 |a Quito:   |b FLACSO  
300 |a 38 p  
999 |c 7427  |d 7427